000 01945ncm0a22003851 4500
001 RU\NLR\ONIZ\221516
005 20250626085521.0
013 _a979-0-706431-15-4
021 _aRU
_b16-134н
_916-8н
035 _aRU\NLR\ONIZ\Таня\5000006243\20171115151000
035 _a(NLR Aleph) 011537006
071 2 0 _a11939
090 _a12175516
_c12175516
100 _a20170915d2016 |||y0rusy50 ca
101 0 _arus
102 _aRU
125 _azx
145 0 _ac
200 1 _aAve Maria
_bНоты
_eдля голоса (сопрано), скрипки и органа
_fВ. Златоустов
208 _a[Партитура]
210 _aМосква
_cКомпозитор
_d2016
215 _a10 с.
_cцв. ил., фото
_d30 см
313 _aСистематизация документа проведена по изданию - Методика классифицирования музыкальных произведений (нотных изданий) по таблицам Библиотечно-библиографических классификаций : метод. рекомендации / Гос. б-ка СССР им. В.И. Ленина.- М., 1977. Индексу ББК методических рекомендаций присваивается код ББК для научных библиотек - LBC/SL
605 _aAve Maria
_xкатол. молитва
_xМузыкальные интерпретации
_2nlr_sh
686 _aЩ943.1-2-043.4(2Р=Рус)
_vLBC/SL
_2rubbk
700 1 _9z01790
_aЗлатоустов
_bВ. В.
_gВладимир Владимирович
_4230
790 1 _9z01700
_aZlatoustov
_bV. V.
_gVladimir Vladimirovich
_4230
801 0 _aRU
_bNLR
_c20170915
_gPSBO
801 1 _aRU
_bNLR
_c20170915
_2rusmarc
801 2 _aRU
_bNLR
_c20171115
852 _aNLR
_bМ
_jК-3/29083
_pМОЭ 2016-8н/134н
_t1
942 _cSCORE
980 _aNB
980 _aONIZ